000 00644nam a2200193Ia 4500
008 151121s9999||||xx |||||||||||||| ||und||
082 _a927/इनाम
082 _bHNW-63544
100 _aइनामदार कल्याणी
245 _aगानतपस्विनी
260 _b"मेहता पब्लि। हाऊस, पुणे।"
260 _c--
300 _a125
600 _aइनामदार कल्याणी
630 _aगानतपस्विनी
700 _aइनामदार कल्याणी
730 _aगानतपस्विनी
942 _cBOOK
999 _c1245076
_d1245073